000
00242nam a22001097a 4500
008
140218t xxu||||| |||| 00| 0 eng d
020
_a
0-07-142982-4
100
_a
Jean Aitchison
_9
738
245
_a
Linguistics
300
_a
257
942
_2
ddc
_c
BK
999
_c
16995
_d
16995